Statistics for Lesser Known Large World Cities

Click here to take the quiz!

General Stats

  • This quiz has been taken 52 times
  • The average score is 15 of 20

Answer Stats

Population Hint Answer % Correct
2,775,000TaeguSouth Korea
89%
1,090,000SaratovRussia
87%
2,375,000TaichungTaiwan
87%
2,075,000SemerangIndonesia
87%
1,910,000Mbuji MayiDemocratic Republic of the Congo
84%
1,140,000BucaramangaColombia
82%
1,200,000NahaJapan
80%
1,010,000CuernavacaMexico
80%
1,290,000ChonburiThailand
80%
2,325,000GujranwalaPakistan
80%
1,090,000KhulnaBangladesh
76%
1,270,000BarquisimentoVenezuela
76%
1,280,000AhvazIran
73%
1,390,000AngelesPhilippines
73%
2,450,000DammamSaudi Arabia
73%
1,100,000MaiduguriNigeria
71%
1,080,000KayseriTurkey
69%
1,240,000CochabambaBolivia
64%
1,060,000SousseTunisia
53%
2,750,000KumasiGhana
51%

Score Distribution

Percentile by Number Answered

Percent of People with Each Score

Your Score History

You have not taken this quiz